Nghiên cứu nguồn tài nguyên cây dược liệu ở huyện Giồng Riềng tỉnh Kiên Giang : Luận văn tốt nghiệp cao học. Ngành sinh thái học
Nội dung luận văn nghiên cứu về việc phân tích và đánh giá được sự đa dạng về nguồn tài nguyên cây làm thuốc ở huyện Giồng Riềng tỉnh Kiên Giang. Sưu tầm công dụng làm thuốc và các bài thuốc chữa bệnh từ những loài cây thu được ở...
Đã lưu trong:
| 主要作者: | |
|---|---|
| 格式: | 图书 |
| 语言: | Undetermined |
| 出版: |
Cần Thơ
Đại học Cần Thơ
2013
|
| 主题: | |
| 标签: |
添加标签
没有标签, 成为第一个标记此记录!
|
| Thư viện lưu trữ: | Trung tâm Học liệu Trường Đại học Cần Thơ |
|---|
| LEADER | 01275nam a2200217Ia 4500 | ||
|---|---|---|---|
| 001 | CTU_184436 | ||
| 008 | 210402s9999 xx 000 0 und d | ||
| 082 | |a 633.88 | ||
| 082 | |b T406 | ||
| 088 | |a 60420120 | ||
| 100 | |a Trần, Đức Toàn | ||
| 245 | 0 | |a Nghiên cứu nguồn tài nguyên cây dược liệu ở huyện Giồng Riềng tỉnh Kiên Giang : | |
| 245 | 0 | |b Luận văn tốt nghiệp cao học. Ngành sinh thái học | |
| 245 | 0 | |c Trần Đức Toàn ; Huỳnh Thu Hoa ; Đặng Minh Quân cán bộ hướng dẫn | |
| 260 | |a Cần Thơ | ||
| 260 | |b Đại học Cần Thơ | ||
| 260 | |c 2013 | ||
| 520 | |a Nội dung luận văn nghiên cứu về việc phân tích và đánh giá được sự đa dạng về nguồn tài nguyên cây làm thuốc ở huyện Giồng Riềng tỉnh Kiên Giang. Sưu tầm công dụng làm thuốc và các bài thuốc chữa bệnh từ những loài cây thu được ở huyện Giồng Riềng tỉnh Kiên Giang | ||
| 650 | |a Cây thảo dược,Botany,medical,Medicinal plants | ||
| 904 | |i Thuý Vi | ||
| 980 | |a Trung tâm Học liệu Trường Đại học Cần Thơ | ||